|
|
|
|
| LEADER |
04301nam a22005775i 4500 |
| 001 |
978-3-540-69939-2 |
| 003 |
DE-He213 |
| 005 |
20151204150010.0 |
| 007 |
cr nn 008mamaa |
| 008 |
100301s2008 gw | s |||| 0|eng d |
| 020 |
|
|
|a 9783540699392
|9 978-3-540-69939-2
|
| 024 |
7 |
|
|a 10.1007/978-3-540-69939-2
|2 doi
|
| 040 |
|
|
|d GrThAP
|
| 050 |
|
4 |
|a QA76.9.D343
|
| 072 |
|
7 |
|a UNF
|2 bicssc
|
| 072 |
|
7 |
|a UYQE
|2 bicssc
|
| 072 |
|
7 |
|a COM021030
|2 bisacsh
|
| 082 |
0 |
4 |
|a 006.312
|2 23
|
| 245 |
1 |
0 |
|a Artificial Neural Networks in Pattern Recognition
|h [electronic resource] :
|b Third IAPR Workshop, ANNPR 2008 Paris, France, July 2-4, 2008 Proceedings /
|c edited by Lionel Prevost, Simone Marinai, Friedhelm Schwenker.
|
| 264 |
|
1 |
|a Berlin, Heidelberg :
|b Springer Berlin Heidelberg,
|c 2008.
|
| 300 |
|
|
|a IX, 322 p.
|b online resource.
|
| 336 |
|
|
|a text
|b txt
|2 rdacontent
|
| 337 |
|
|
|a computer
|b c
|2 rdamedia
|
| 338 |
|
|
|a online resource
|b cr
|2 rdacarrier
|
| 347 |
|
|
|a text file
|b PDF
|2 rda
|
| 490 |
1 |
|
|a Lecture Notes in Computer Science,
|x 0302-9743 ;
|v 5064
|
| 505 |
0 |
|
|a Unsupervised Learning -- Patch Relational Neural Gas – Clustering of Huge Dissimilarity Datasets -- The Block Generative Topographic Mapping -- Kernel k-Means Clustering Applied to Vector Space Embeddings of Graphs -- Probabilistic Models Based on the ?-Sigmoid Distribution -- How Robust Is a Probabilistic Neural VLSI System Against Environmental Noise -- Supervised Learning -- Sparse Least Squares Support Vector Machines by Forward Selection Based on Linear Discriminant Analysis -- Supervised Incremental Learning with the Fuzzy ARTMAP Neural Network -- Discriminatory Data Mapping by Matrix-Based Supervised Learning Metrics -- Neural Approximation of Monte Carlo Policy Evaluation Deployed in Connect Four -- Cyclostationary Neural Networks for Air Pollutant Concentration Prediction -- Fuzzy Evolutionary Probabilistic Neural Networks -- Experiments with Supervised Fuzzy LVQ -- A Neural Network Approach to Similarity Learning -- Partial Discriminative Training of Neural Networks for Classification of Overlapping Classes -- Multiple Classifiers -- Boosting Threshold Classifiers for High– Dimensional Data in Functional Genomics -- Decision Fusion on Boosting Ensembles -- The Mixture of Neural Networks as Ensemble Combiner -- Combining Methods for Dynamic Multiple Classifier Systems -- Researching on Multi-net Systems Based on Stacked Generalization -- Applications -- Real-Time Emotion Recognition from Speech Using Echo State Networks -- Sentence Understanding and Learning of New Words with Large-Scale Neural Networks -- Multi-class Vehicle Type Recognition System -- A Bio-inspired Neural Model for Colour Image Segmentation -- Mining Software Aging Patterns by Artificial Neural Networks -- Bayesian Classifiers for Predicting the Outcome of Breast Cancer Preoperative Chemotherapy -- Feature Selection -- Feature Ranking Ensembles for Facial Action Unit Classification -- Texture Classification with Generalized Fourier Descriptors in Dimensionality Reduction Context: An Overview Exploration -- Improving Features Subset Selection Using Genetic Algorithms for Iris Recognition -- Artificial Neural Network Based Automatic Face Model Generation System from Only One Fingerprint.
|
| 650 |
|
0 |
|a Computer science.
|
| 650 |
|
0 |
|a Data mining.
|
| 650 |
|
0 |
|a Artificial intelligence.
|
| 650 |
|
0 |
|a Pattern recognition.
|
| 650 |
|
0 |
|a Biometrics (Biology).
|
| 650 |
|
0 |
|a Computer engineering.
|
| 650 |
1 |
4 |
|a Computer Science.
|
| 650 |
2 |
4 |
|a Data Mining and Knowledge Discovery.
|
| 650 |
2 |
4 |
|a Computer Engineering.
|
| 650 |
2 |
4 |
|a Pattern Recognition.
|
| 650 |
2 |
4 |
|a Artificial Intelligence (incl. Robotics).
|
| 650 |
2 |
4 |
|a Information Systems Applications (incl. Internet).
|
| 650 |
2 |
4 |
|a Biometrics.
|
| 700 |
1 |
|
|a Prevost, Lionel.
|e editor.
|
| 700 |
1 |
|
|a Marinai, Simone.
|e editor.
|
| 700 |
1 |
|
|a Schwenker, Friedhelm.
|e editor.
|
| 710 |
2 |
|
|a SpringerLink (Online service)
|
| 773 |
0 |
|
|t Springer eBooks
|
| 776 |
0 |
8 |
|i Printed edition:
|z 9783540699385
|
| 830 |
|
0 |
|a Lecture Notes in Computer Science,
|x 0302-9743 ;
|v 5064
|
| 856 |
4 |
0 |
|u http://dx.doi.org/10.1007/978-3-540-69939-2
|z Full Text via HEAL-Link
|
| 912 |
|
|
|a ZDB-2-SCS
|
| 912 |
|
|
|a ZDB-2-LNC
|
| 950 |
|
|
|a Computer Science (Springer-11645)
|